00829nam a22002657a 4500001000700000003000900007005001700016007000300033008004300036020001800079040003000097082002600127100003100153245004900184246005500233260000900288264004400297300005100341336002800392337003500420338003000455650002600485650002100511650003100532000398DO-SdBPM20250617135314.0ta160718b2009 sp a ||||| |||| 00| 0 spa d a9788466206433 aDO-SdBPMbspacBPMSUerda 4a794.1bR666l 20092221 aRobles, Mauricio. eautor 13aEl libro del ajedrez /cMauricio Robles. b 14aEl libro del ajedrez :btícnicas de aprendizaje  a c  aBarcelona : b Editorial Librisa,c2009 a159 páginas : bilustración ; c24 cm.  atextobtxt2rdacontent  asin mediación bn2rdamedia  avolumen bnc2rdacarrier  7aAjedrezxTécnicas.  7aAjedrezxJugadas 7aTécnicas de aprendizaje